20 Largest Countries that are Smaller than all Neighbours - Statistics

General Stats
  • This quiz has been taken 148 times
  • The average score is 10 of 20
Answer Stats
# Country % Correct
2 Mongolia
69%
2 Ecuador
66%
1 Portugal
65%
1 South Korea
62%
3 Chile
61%
3 Norway
60%
1 Ireland
57%
2 Uruguay
57%
3 Paraguay
56%
2 Nepal
54%
1 Papua New Guinea
53%
3 Cambodia
52%
3 Suriname
52%
2 Tunisia
50%
4 Tajikistan
45%
2 Bangladesh
40%
4 Zimbabwe
38%
3 Morocco
33%
3 Malawi
31%
2 Sierra Leone
14%
No matching quizzes found
Score Distribution
Percent of People with Each Score
Percentile by Number Answered
Your Score History
You have not taken this quiz